000 00309nam a22001337a 4500
008 171006b xxu||||| |||| 00| 0 eng d
020 _a9781433803536
041 _aeng
080 _24th
_a159.9
100 _a49
101 _aPSI
245 _aETHICAL CONFLICTS IN PSYCHOLOGY
_cBERSOFF,D.N
942 _2udc
_cBK
999 _c32435
_d32435